| 000 | 00551nam a2200217Ia 4500 | ||
|---|---|---|---|
| 003 | OSt | ||
| 005 | 20250923112545.0 | ||
| 008 | 210210b2011 xxu||||| |||| 00| 0 eng d | ||
| 020 | _a9781851686704 | ||
| 040 | _cAL | ||
| 041 | _aeng | ||
| 082 | _a150.1953 ADLW | ||
| 100 |
_aAlfred Adler _9240066 |
||
| 245 |
_aWhat life could mean to you _b: psychology of personal development |
||
| 260 |
_aEngland _bOneworld _c2011 |
||
| 300 | _a250p | ||
| 650 |
_adevelopment _9240074 |
||
| 690 |
_aPsychology _9240076 |
||
| 906 | _a066206 | ||
| 942 |
_2ddc _cBK |
||
| 999 |
_c146633 _d146633 |
||